Informe final del Ejercicio Profesional Supervisado, realizado en la empresa Librería y Papelería Hayben, Cobán, Alta Verapaz/ (Registro nro. 1141)

Detalles MARC
000 -LEADER
campo de control de longitud fija 03386nam a22003137i 4500
001 - NÚMERO DE CONTROL
campo de control TCPA 99
003 - IDENTIFICADOR DE NÚMERO DE CONTROL
campo de control gtcocun
005 - FECHA Y HORA DE LA ÚLTIMA TRANSACCIÓN
campo de control 20250816220633.0
006 - CÓDIGOS DE INFORMACIÓN DE LONGITUD FIJA--CARACTERÍSTICAS DEL MATERIAL ADICIONAL
campo de control de longitud fija a||||gr|||| 00| 0
008 - DATOS DE LONGITUD FIJA--INFORMACIÓN GENERAL
campo de control de longitud fija 250816b2021 gt ||||| m||| 00| 0 eng d
040 ## - FUENTE DE CATALOGACIÓN
Centro catalogador/agencia de origen gtcocun
Lengua de catalogación SPA
Centro/agencia transcriptor gtcocun
Normas de descripción RDA
041 ## - CÓDIGO DE IDIOMA
Código de lengua del texto/banda sonora o título independiente SPA
084 ## - OTRO NÚMERO DE CLASIFICACIÓN
Número de control del registro de autoridad o número normalizado TCPA 99
100 ## - ENTRADA PRINCIPAL--NOMBRE DE PERSONA
Nombre de persona Yat Bol, Leybi Xenali
Término indicativo de función/relación Autor
245 ## - MENCIÓN DEL TÍTULO
Título Informe final del Ejercicio Profesional Supervisado, realizado en la empresa Librería y Papelería Hayben, Cobán, Alta Verapaz/
Mención de responsabilidad, etc. Leybi Xenali Yat Bol
Medio Impreso
264 ## - PRODUCCIÓN, PUBLICACIÓN, DISTRIBUCIÓN, FABRICACIÓN Y COPYRIGHT
Producción, publicación, distribución, fabricación y copyright Cobán, Alta Verapaz:
Nombre del de productor, editor, distribuidor, fabricante Universidad de San Carlos de Guatemala, Centro Universitario del Norte, Licenciatura en Contaduría Pública y Auditoría.
Fecha de producción, publicación, distribución, fabricación o copyright 2021
300 ## - DESCRIPCIÓN FÍSICA
Extensión 89 p:
Otras características físicas Ilustraciones, gráficas.
Dimensiones 28 cm; PDF
336 ## - TIPO DE CONTENIDO
Fuente rdacontenido
Término de tipo de contenido Texto
Código de tipo de contenido txt
337 ## - TIPO DE MEDIO
Fuente rdamedio
Nombre/término del tipo de medio Computadora
Código del tipo de medio n
338 ## - TIPO DE SOPORTE
Fuente rdasoporte
Nombre/término del tipo de soporte Código en línea
Código del tipo de soporte cr
502 ## - NOTA DE TESIS
identificador de la tesis .
502 ## - NOTA DE TESIS
Nota de tesis Tesis de grado
Tipo de título Licenciatura en Contaduría Pública y Auditoría.
Nombre de la institución que otorga el título Universidad de San Carlos de Guatemala, Centro Universitario del Norte, Licenciatura en Contaduría Pública y Auditoría.
Año de obtención del título 2021
Identificador de la tesis TCPA 99
520 14 - RESUMEN, ETC.
Sumario, etc. La Universidad San Carlos de Guatemala a través del Centro Universitario del Norte y la Carrera<br/>de Contaduría Pública y Auditoria incluye en el pensum de estudio el desarrollo del Ejercicio<br/>Profesional Supervisado realizado en la Librería y Papelería Hayben, por medio del cual permite<br/>aplicar los conocimientos adquiridos durante la formación académica, la empresa elegida tiene<br/>personalidad individual, dedicada a la venta de útiles escolares y de oficina.<br/><br/>El Ejercicio Profesional Supervisado se desarrolló en varias fases, dando inicio con el<br/>diagnóstico para detectar las debilidades existentes en el área financiera, contable y tributaria<br/>de la empresa, posteriormente se redactó y jerarquizo las problemáticas detectadas con la<br/>finalidad de solucionar las actividades y dejar constancia en el respetivo plan de trabajo, el<br/>proceso finalizó con la fase de ejecución para llevar a cabo cada una de las actividades<br/>diagnosticadas.<br/><br/>En la fase de ejecución se realizó una auditoría fiscal cuyo proceso sistemático es obtener y<br/>evaluar objetivamente la evidencia a cerca de las afirmaciones y hechos relacionados con actos<br/>y acontecimientos de carácter tributario de los periodos del 2015 al 2018, se detalló en el<br/>informe todos los hallazgos, recomendaciones y opinión necesaria para que la empresa proceda<br/>a realizar las rectificaciones y presentar declaraciones de impuestos omitidos.<br/><br/>La reestructuración contable se desarrolló para contribuir a producir sistemática y<br/>estructuradamente información cuantitativa de las transacciones económicas que afectan a la<br/>empresa, para facilitar los procesos de decisión, se plantearon las correcciones detectadas de los<br/>períodos 2015 al 2018, se diseñó e implemento un manual contable para apoyar con las mejoras<br/>en controles internos de manera que los procedimientos sean seguros y correctos.
650 14 - PUNTO DE ACCESO ADICIONAL DE MATERIA--TÉRMINO DE MATERIA
Fuente del encabezamiento o término LEMB
Término de materia o nombre geográfico como elemento de entrada Cobán, Alta Verapaz.
Subdivisión general auditoría fiscal
-- manual contable
-- estados financieros
700 ## - ENTRADA AGREGADA--NOMBRE PERSONAL
Nombre de persona Lic. Teófilo Remigio Caal Barrientos
Término indicativo de función/relación Asesor
856 ## - LOCALIZACIÓN Y ACCESO ELECTRÓNICOS
Identificador Uniforme de Recurso <a href="https://drive.google.com/file/d/1KqHmnuRGKGL7a_GLmbxob8Zr5T7ej49Q/view?usp=sharing">https://drive.google.com/file/d/1KqHmnuRGKGL7a_GLmbxob8Zr5T7ej49Q/view?usp=sharing</a>
Texto de enlace PDF
Nota pública Un ejemplar en línea.
942 ## - ELEMENTOS DE ENTRADA SECUNDARIOS (KOHA)
Fuente de la clasificación o esquema de estantería Clasificación Decimal Dewey
Tipo de ítem Koha TESIS
Prefijo de la signatura Clasificación
Suprimir en OPAC No
Existencias
Estatus retirado Estado de pérdida Fuente de la clasificación o esquema de estantería Estado de daño No para préstamo Colección Biblioteca de origen Biblioteca actual Ubicación en estantería Fecha de adquisición Número de inventario Total de préstamos Signatura topográfica completa Código de barras Visto por última vez Precio de reemplazo Tipo de ítem Koha
    Clasificación Decimal Dewey     tesis BIBLIOTECA- CUNOR -JOSÉ LUIS GONZALES ROSALES BIBLIOTECA- CUNOR -JOSÉ LUIS GONZALES ROSALES Colección tesis 16/08/2025 TCPA 099   TCPA 099 TCPA 099 16/08/2025 16/08/2025 TESIS